Szczegóły MARC21

Surdopedagogika : zarys problematyki /

003 -Nazwa inst., której nr kontr. jest w polu 001 [,]
    • @
    • Nazwa instytucji, której n kontrolny jest w polu 001
    • NUKAT
005 -DATA I CZAS OSTATNIEJ MODYFIKACJI [,]
    • @
    • pole kontrolne
    • 20241231114523.0
020 -Międzynarod. znormalizowany nr książki - ISBN [ , ]
    • a
    • Numer ISBN
    • 8301081732 Find
040 -Instytucja sporządzająca opis [ , ]
    • a
    • Instytucja, która sporządziła opis (NP)
    • LUBL U/JL
    • c
    • Instytucja, która sporządziła rekord (NP)
    • LUBL U/JL
    • d
    • Instytucja, która zmodyfikowała rekord (P)
    • LUBL U/bg
    • d
    • Instytucja, która zmodyfikowała rekord (P)
    • LUBL U/WAGs
    • d
    • Instytucja, która zmodyfikowała rekord (P)
    • GD 27/AZs
    • d
    • Instytucja, która zmodyfikowała rekord (P)
    • SIEDL 001/ADU
942 -Rodzaj dokumentu [ , ]
    • c
    • Rodzaj dokumentu
    • Książka
100 -Hasło główne - nazwa osobowa [1, ]
    • a
    • Nazwa osobowa (NP)
    • Hoffmann, Bogdan.
    • 9
    • KHW
    • 32081
245 -Strefa tytułu i oznaczenia odpowiedzialności [1,0]
    • a
    • Tytuł
    • Surdopedagogika : Find
    • b
    • Ciąg dalszy tytułu (NP)
    • zarys problematyki / Find
    • c
    • Pozostałe elementy strefy tytułu i oznaczenia odpowiedzialności (NP)
    • Bogdan Hoffmann.
260 -Strefa adresu wydawniczego [ , ]
    • a
    • Miejsce wydania (P)
    • Warszawa :
    • b
    • Nazwa wydawcy (P)
    • Państwowe Wydawnictwo Naukowe,
    • c
    • Data wydania (P)
    • 1987.
300 -Strefa opisu fizycznego [ , ]
    • a
    • Określenie formy książki i/lub objętość (NP)
    • 193, [3] s. :
    • b
    • Oznaczenie ilustracji (NP)
    • il. ;
    • c
    • Format (NP)
    • 24 cm.
336 -Typ zawartości [ , ]
    • a
    • Termin opisujący typ zawartości
    • Tekst
    • b
    • Kod określający zawartość
    • txt
    • 2
    • Źródło (terminu i kodu)
    • rdacontent
337 -Typ mediów [ , ]
    • a
    • Tryb odtwarzania
    • Bez urządzenia pośredniczącego
    • b
    • Kod typu mediów
    • n
    • 2
    • Źródło (terminu i kodu)
    • rdamedia
338 -Typ/rodzaj nośnika [ , ]
    • a
    • Hasło opisujące typ nośnika
    • Wolumin
    • b
    • Kod typu nośnika
    • nc
    • 2
    • Źródło (terminu i kodu)
    • rdacarrier
504 -Uwaga dot. bibliogr. załącznikowej [ , ]
    • a
    • Uwaga dot. bibliografii załącznikowej
    • Bibliogr. s. 185-191.
521 -Uwaga dot. przeznaczenia czytelniczego [8, ]
    • a
    • Uwaga dot. przeznaczenia czytelniczego
    • Publikacja przeznaczona dla studiujących pedagogikę specjalną i surdopedagogikę.
080 -Uniwersalna Klasyfikacja Dziesiętna [ , ]
    • 2
    • Identyfikator wydania tablic
    • UDC-P058
    • 9
    • UKD
    • 3919
    • a
    • Symbol klasyfikacji
    • 376-056.263
    • b
    • Dopowiedzenie
    • Nauczanie (rewalidacja) osób głuchych i głuchoniemych. Pedagogika głuchych. Surdopedagogika.
    • 4
    • UKD2
    • 7665
    • x
    • Poddział wspólny
    • (075.8)
    • c
    • Dopowiedzenie poddz. wspólnego
    • (Podręczniki dla szkół wyższych. Skrypty).
650 -Hasło przedmiotowe [ ,7]
    • a
    • Hasło przedmiotowe
    • Dzieci z niepełnosprawnością słuchu
    • x
    • Określnik rzeczowy
    • rehabilitacja
    • v
    • Określnik formalny
    • podręczniki akademickie.
    • 2
    • Źródło terminu
    • kaba
    • 9
    • KHW
    • 365999
650 -Hasło przedmiotowe [ ,7]
    • a
    • Hasło przedmiotowe
    • Osoby z niepełnosprawnością słuchu
    • x
    • Określnik rzeczowy
    • edukacja
    • v
    • Określnik formalny
    • podręczniki akademickie.
    • 2
    • Źródło terminu
    • kaba
    • 9
    • KHW
    • 366000
650 -Hasło przedmiotowe [ ,7]
    • a
    • Hasło przedmiotowe
    • Pedagogika specjalna
    • v
    • Określnik formalny
    • podręczniki akademickie.
    • 2
    • Źródło terminu
    • kaba
    • 9
    • KHW
    • 361135
980 -Symbol UKD [ , ]
    • a
    • UKD
    • 376-056.263(075.8)
710 -Hasło dodatkowe - nazwa ciała zbiorowego [2, ]
    • a
    • Nazwa ciała zbiorowego lub nazwa geograficzna jako pierwszy element (NP)
    • Państwowe Wydawnictwo Naukowe (1951-1992).
    • 4
    • Kod relacji
    • pbl
    • 9
    • KHW
    • 52048
920 -ISBN [ , ]
    • a
    • ISBN
    • 83-01-08173-2 Find
Numer inwentarzowy Sygnatura Status udost. Uwagi nie widoczne w OPAC Lokalizacja Data inwentaryzacji
W.151676W.1516762[n]retrokonwersjaBG
W.151677W.151676-3[n]retrokonwersjaBG
W.151678W.151676-3[n]retrokonwersjaBG
W.151679W.151676-3[n]retrokonwersjaBG
W.151680W.151676-5[n]retrokonwersjaBG
Z.70398Z.703981[n]retrokonwersjaBG
Pd.3093 1[n]retrokonwersjaBNS